1994 FIFA World Cup Quiz - Statistics

General Stats
  • This quiz has been taken 399 times
  • The average score is 20 of 24
Answer Stats
Answer % Correct
United States
98%
Brazil
97%
Argentina
95%
Italy
95%
Spain
94%
Germany
92%
Mexico
91%
Sweden
91%
Colombia
87%
Russia
87%
Nigeria
86%
Bulgaria
85%
Cameroon
85%
Belgium
84%
Netherlands
84%
South Korea
84%
Ireland
82%
Norway
80%
Romania
80%
Switzerland
80%
Greece
79%
Saudi Arabia
78%
Morocco
68%
Bolivia
66%
No matching quizzes found
Score Distribution
Percent of People with Each Score
Percentile by Number Answered
Your Score History
You have not taken this quiz